| 000 | 00579nam a2200157 a 4500 | ||
|---|---|---|---|
| 001 | 000046264 | ||
| 005 | 20201002052740.0 | ||
| 008 | 150713s1974 dr 000 0 spa d | ||
| 040 |
_aDO-SdBNP _bspa _cBNPHU |
||
| 082 |
_axxxx _bxxxx |
||
| 245 | 0 | 0 |
_aCartilla de educación cívica / _cprefacio Juana Castellanos ; introducción Silvaní Gómez. H. |
| 260 |
_a[s. l.]. : _bADOMUVI, _c[1974?]. |
||
| 700 | 1 | 2 |
_aCastellanos, Juana, _epref. _974283 |
| 700 | 1 | 2 |
_aGómez, Silvaní, _eintrod. _974284 |
| 710 | 2 | 2 |
_aAsociación Dominicana de Mujeres Votantes,ADOMUVI República Dominicana _974285 |
| 999 |
_c45753 _d45753 |
||